Vývoj invalidizácie v Slovenskej republike v prvom polroku 2010

Bibliographic Details
Main Author: Zlatošová, Jolana (Author)
Format: Article
Language:Slovak
Subjects:
Online Access:http://www.socpoist.sk/socialne-poistenie---archiv-cisiel/26811

MARC

LEADER 00000nab a2200000 ar4500
001 vtls010195244
003 SK-MaSNL
005 20260305023648.0
008 101207c2010 xo ||||||||||||00 b|slo
015 |a SNBRB2010/12  |2 snkbucl 
038 |a SNKBUCL 
040 |a SNKBUCL  |b slo  |c SNKBUCL  |e AACR2 
041 0 |a slo 
044 |a xo  |c SK 
080 |a 314.44  |x (437.6)  |2 2001 
080 |a 614.29  |x (437.6)  |2 2001 
080 |a 613.6  |x (437.6)  |2 2001 
100 1 |a Zlatošová, Jolana  |4 aut  |9 558587 
245 1 0 |a Vývoj invalidizácie v Slovenskej republike v prvom polroku 2010  |c Jolana Zlatošová 
648 7 |a 2010, 1. polrok  |2 snkbucl  |9 1325222 
650 0 7 |a invalidizácia  |2 snkbucl  |9 1324761 
651 7 |a Slovensko  |2 snkbucl 
773 0 |t Sociálne poistenie  |g Roč. XXXXII, č. 9 (2010), s. 4-5  |x 1337-9844 
852 |a SNK  |b KIS3GCP 
856 4 1 |u http://www.socpoist.sk/socialne-poistenie---archiv-cisiel/26811 
958 |a SK 
999 |c 3298317  |d 3300247